000 00997nam a22002657a 4500
003 BLK
005 20240315163529.0
008 181024b bu ||||| |||| 00| 0 bu d
020 _a9786197245387
040 _aBLK
041 _aBUL
_cBUL
080 _aБългарска литература
_b821.163.2
_z821.163.2-4
080 _aПолитическа журналистика
_b07:32
_z07:32(497.2)
100 _aЗаркова, Анна Леонидова
_9258994
_eпърви автор
139 _aЗаркова, Анна Леонидова
_bЗ 35
245 _aСвободни в словото.
_b7 разследващи журналисти и техните истории
_cАнна Заркова
260 _9219788
_bАвлига
_c2022
_aСофия
300 _a464 с.
_c20 см
380 _aX
852 _aЦб 322331
_bЦб
856 _i0.00
_ldisable
942 _cKNG
_n0
_027
_s1
944 _aED
_k30550
_lКети Илиева
999 _c475495
_d475495
999 _d475495